000 01075nam1a22002651 4500
001 rc\320601
005 20030307122302.8
035 _a(NLR Aleph) 005631463
090 _a6579253
_c6579253
100 _a20030307d1990 u |0rusy50 ca
101 0 _arus
102 _aRU
105 _ay |||||||||
200 1 _aХарактеристики новых активных сред лазеров на сложных органических соединениях
_fЕ.С. Воропай, В.В. Грузинский, А.А. Кирсанов
210 _aМинск
_cИн-т физики
_d1990
215 _d20
225 1 _aПрепринт
_fИн-т физики им. Б.И. Степанова АН БССР
700 1 _aВоропай
_bЕ. С.
_gЕвгений Семенович
701 1 _aГрузинский
_bВ. В.
_gВиктор Владимирович
701 1 _aКирсанов
_bА. А.
_gАлександр Александрович
801 0 _aRU
_bNLR
_gpsbo
801 1 _aRU
_bELAR
_2rusmarc
852 _aNLR
_j90-4/10059
942 _cBOOK
980 _aNB